|
|
|
|
| LEADER |
00000nam a2200000 a 4500 |
| 001 |
UCN3905 |
| 003 |
CL-VaPUC |
| 008 |
010713e19990000UK |||||||||||||||||eng|d |
| 082 |
0 |
4 |
|a 530.0724
|b GIB
|2 21
|
| 100 |
0 |
|
|a Gibbs, Keith
|e author
|9 460525
|
| 245 |
1 |
4 |
|a The resourceful physics teacher: 600 ideas for creative teaching
|
| 300 |
|
|
|a 229 p
|
| 942 |
|
|
|c BK
|
| 945 |
|
|
|d 20010713 00:00:00
|a cmena
|
| 260 |
|
|
|a Bristol
|b IOP
|c 1999
|
| 650 |
|
0 |
|a Física
|9 227844
|
| 650 |
|
0 |
|a Métodos de enseñanza
|9 270413
|
| 650 |
|
0 |
|a Investigación científica
|9 259857
|
| 650 |
|
0 |
|a Mecánica
|9 260096
|
| 583 |
|
|
|a last modification
|c 20121104 09:19:58
|k Rodrigo Vera
|
| 999 |
|
|
|c 296574
|d 296572
|
| 952 |
|
|
|0 0
|1 0
|2 ddc
|4 0
|6 530_072400000000000_GIB_1999
|7 0
|8 A
|9 350467
|a BIBCUR
|b BIBCUR
|c GEN
|d 2019-11-20
|i 3633144
|o 530.0724 GIB 1999
|p 3633144
|r 2025-04-22
|w 2019-11-20
|y BK
|k FIS
|
| 952 |
|
|
|0 0
|1 0
|4 0
|6 530_072400000000000_GIB_1999
|7 0
|8 A
|9 350468
|a BIBCUR
|b BIBCUR
|d 2019-11-20
|i 3882721
|o 530.0724 GIB 1999
|p 3882721
|r 2025-04-22
|w 2019-11-20
|y BK
|k FIS
|
| 952 |
|
|
|0 0
|1 0
|2 ddc
|4 0
|6 530_072400000000000_GIB_1999
|7 0
|8 A
|9 350469
|a BIBCUR
|b BIBCUR
|c GEN
|d 2019-11-20
|i 388273K
|l 2
|o 530.0724 GIB 1999
|p 388273K
|r 2025-04-22
|s 2024-10-18
|w 2019-11-20
|y BK
|k FIS
|
| 952 |
|
|
|0 0
|1 0
|4 0
|6 530_072400000000000_GIB_1999
|7 0
|8 A
|9 350470
|a BIBCUR
|b BIBCUR
|d 2019-11-20
|i 3882748
|o 530.0724 GIB 1999
|p 3882748
|r 2025-04-22
|w 2019-11-20
|y BK
|k FIS
|